00431cam a22001217a 4500008004000000082001600040100002800056245012500084260005300209300001000262440001000272650002700282180718b1984 xxu||||| |||| 00| 0 eng d aR8x495 K156 aKatsanevas, Theodore K. aTrade unions in Greece: an analysis of factors determining their growth and present structurecby Theodore K. Katsanevas aAthensbNational Centre of Social Researchc1984 a283p. aPaper aLabour Unions - Greece